Önmagaságunk a(z) (a)normalitás kényes határán
Elmentve itt :
| Szerző: | |
|---|---|
| Adatforrás: | Philobibl |
| Forrásdokumentuma: | Többlet 8.2016:2. p. 5-34. |
| Dokumentumtípus: | Cikk |
| Nyelv: | magyar |
| Kulcsszavak: | ego Én Foucault, M. Heidegger, M. Husserl, E. identitás elidegenedés skizofrénia |
| LEADER | 00508nab a2200193 c 4500 | ||
|---|---|---|---|
| 001 | bibPHI0045209 | ||
| 005 | 20200924125431.8 | ||
| 008 | 170213s2016 rm hun | ||
| 100 | 1 | |a Kovács Attila | |
| 245 | 1 | 0 | |a Önmagaságunk a(z) (a)normalitás kényes határán |c Kovács Attila |
| 695 | |a ego | ||
| 695 | |a Én | ||
| 695 | |a Foucault, M. | ||
| 695 | |a Heidegger, M. | ||
| 695 | |a Husserl, E. | ||
| 695 | |a identitás | ||
| 695 | |a elidegenedés | ||
| 695 | |a skizofrénia | ||
| 773 | 0 | |t Többlet |g 8.2016:2. p. 5-34. | |